[Event "Charlesbourg Khalif"]
[Site "Charlesbourg"]
[Date "2014.03.24"]
[Round "1"]
[White "Tremblay Alix, Eric"]
[Black "Pelletier, Daniel"]
[Result "1-0"]
[WhiteElo "1865"]
[BlackElo "1372"]
[PlyCount "59"]
[EventDate "2014.03.24"]
[EventType "swiss"]
[EventRounds "5"]
[EventCountry "CAN"]
[SourceTitle "EXT 2022"]
[Source "ChessBase"]
[SourceDate "2021.10.06"]
[SourceVersion "1"]
[SourceVersionDate "2021.10.06"]
[SourceQuality "1"]

1. c4 e6 2. Nc3 Nf6 3. e4 d6 4. d4 c6 5. Nf3 Be7 6. Be2 0-0 7. 0-0 b6 8. Qc2 Qc7 9. e5 dxe5 10. Nxe5 Na6 11. Bf4 Bd6 12. Bf3 Bb7 13. Rfe1 Nb8 14. Ne4 Nxe4 15. Bxe4 f5 16. Bf3 Qe7 17. d5 c5 18. Nd3 Bxf4 19. Rxe6 Bxh2+ 20. Kxh2 Qh4+ 21. Kg1 Nd7 22. Rae1 Nf6 23. Ne5 Ng4 24. Nxg4 fxg4 25. g3 Qh5 26. R1e5 Qf7 27. Bxg4 Bc8 28. Bh5 Qc7 29. Re7 Bd7 30. Rxg7+ 1-0